| 000 | 00836nam a2200253Ia 4500 | ||
|---|---|---|---|
| 003 | OSt | ||
| 005 | 20221005103800.0 | ||
| 006 | a|||||r|||| 00| 0 | ||
| 007 | ta | ||
| 008 | 221004b |||||||| |||| 00| 0 hin d | ||
| 024 | _a24000 | ||
| 037 | _cTextual | ||
| 040 |
_aCRL _cCRL _bhin |
||
| 041 |
_2hin _ahin |
||
| 082 | _aO152,1NVIx, N8 | ||
| 100 | _aआस्तिक, वीरेन्द्र, संपा. | ||
| 245 | 0 | _aधार पर हम | |
| 246 | _aDhār par hama | ||
| 260 |
_aदिल्ली _bआलोकपर्व प्रकाशन भारत _c1998 |
||
| 300 |
_a140पृ0 _ccm. |
||
| 650 | _aहिन्दी साहित्य | ||
| 942 |
_hO152,1NVIx, N8 _cTEXL _2cc |
||
| 999 |
_c1010897 _d1010897 |
||